000 00999nmm a2200277 a 4500
001 ocm000955291
003 TR-IsHL
005 20201028150335.0
008 150110s2013 tu tur
007 cr cn
020 _a9786055229054
035 _a955291
_b(N$T)
050 0 4 _aPG3328.A4
_bT8 2013
090 0 4 _aPG3328.A4
_bT8 2013
100 1 _aDostoyevski, Fiodor Mihayloviç
245 1 0 _aDokuz mektup
_h[electronic resource] /
_cFiodor Mihayloviç Dostoyevski ; Türkçesi Nezaket Altıntaş
260 _aİstanbul :
_bKafekültür Yayıncılık,
_c2013
300 _a13 p.
650 4 _aDil ve Edebiyat
650 4 _aLanguage and Literature
650 0 _aDostoyevsky, Fyodor, 1821-1881. Yazışma
650 0 _aDostoyevsky, Fyodor, 1821-1881. Correspondence
650 7 _aLITERARY COLLECTIONS / Russian & Former Soviet Union
_2bisacsh
700 1 _aAltıntaş, Nezaket
856 4 0 _uhttp://search.ebscohost.com/login.aspx?direct=true&scope=site&db=e011xww&AN=955291
999 _c10421
_d10421